Представление документа в формате MARC21

Поле Инд. ПП Название Значение
Тип записи a
Библиографический уровень b
001 Контрольный номер RU/IS/BASE/308930469
005 Дата корректировки 20200610190626.1
008 Кодируемые данные 20091015
040 b Код языка каталог. rus
e Правила каталог. PSBO
041 0_ a Код языка текста rus
084 a Индекс другой классификации/Индекс ББК 60р30; 74.484.7(2Рос)
245 11 a Заглавие [К 20-летию социологического факультета МГУ им. М. В. Ломоносова]
b Продолж. заглавия [подборка статей]
504 a Библиография Библиогр. в конце статьи
505 a Форматированное содержание Социологический факультет с уверенностью смотрит в будущее
b Автор Добреньков В. И.
505 a Форматированное содержание Кафедра методологии социологических исследований: мето, роль, история развития и деятельности
b Автор Аверин Ю. П.
505 a Форматированное содержание О кафедре социологии семьи и демографии
b Автор Антонов А. И.
505 a Форматированное содержание Социология организаций и менеджмента
b Автор Бутырин Г. Н.
505 a Форматированное содержание Государственное и муниципальное управление
b Автор Васильев В. П.
505 a Форматированное содержание Основные рубежи становления и перспективы развития кафедры экономической социологии и маркетинга
b Автор Исправникова Н. Р.
505 a Форматированное содержание Кафедра информатики социальных процессов
b Автор Михайлов А. П.
505 a Форматированное содержание Кафедра политологии и социологии политических процессов
b Автор Федоркин Н. С.
505 a Форматированное содержание Кафедра социологии международных отношений
b Автор Цыганков П. А.
520 a Аннотация Статьи посвящены истории становления, развитию и перспективам социологического факультета и его кафедрам. Освещены основные направления научной работы, кадровый состав, достижения и дальнейшие задачи коллектива
650 a Основная рубрика высшее образование
a Основная рубрика образование
a Основная рубрика профессиональное образование
a Основная рубрика социология
653 a Ключевые слова аспирантура
a Ключевые слова государственная служба
a Ключевые слова государственное управление
a Ключевые слова журналы
a Ключевые слова информатика социальных процессов
a Ключевые слова маркетинг
a Ключевые слова математическое моделирование
a Ключевые слова менеджмент
a Ключевые слова методы социологических исследований
a Ключевые слова моделирование социальных процессов
a Ключевые слова Московский университет им. М.В. Ломоносова (МГУ)
a Ключевые слова муниципальное управление
a Ключевые слова научная деятельность
a Ключевые слова научная работа
a Ключевые слова политология
a Ключевые слова профессорско-преподавательский состав
a Ключевые слова социальная информатика
a Ключевые слова социальные процессы
a Ключевые слова социологические исследования
a Ключевые слова социологический факультет
a Ключевые слова социологическое образование
a Ключевые слова социология международных отношений
a Ключевые слова социология организаций
a Ключевые слова социология политических процессов
a Ключевые слова социология семьи
a Ключевые слова учебная работа
a Ключевые слова учебный процесс
a Ключевые слова экономическая социология
700 1_ a Автор Добреньков В. И.
q Полное имя Добреньков Владимир Иванович
700 1_ a Автор Аверин Ю. П.
q Полное имя Аверин Юрий Петрович
700 1_ a Автор Антонов А. И.
q Полное имя Антонов Анатолий Иванович
700 1_ a Автор Бутырин Г. Н.
q Полное имя Бутырин Григорий Николаевич
700 1_ a Автор Васильев В. П.
q Полное имя Васильев Владимир Петрович
700 1_ a Автор Исправникова Н. Р.
q Полное имя Исправникова Наталия Револьдовна
700 1_ a Автор Михайлов А. П.
q Полное имя Михайлов Алексей Петрович
700 1_ a Автор Федоркин Н. С.
q Полное имя Федоркин Николай Семенович
700 1_ a Автор Цыганков П. А.
q Полное имя Цыганков Павел Афанасьевич
773 08 t Заглавие источника Вестник Московского университета. Серия 18, Социология и политология
d Дата издания источника 2009
g Прочая информация № 2. - С. 3 - 127
w Контрольный № источника RU/IS/BASE/299591369
901 t Тип документа b